Psicología de las edades (Record no. 86508)

MARC details
000 -LEADER
campo de control de longitud fija 00687nam a2200217 i 4500
001 - NÚMERO DE CONTROL
campo de control 86508
003 - IDENTIFICADOR DE NÚMERO DE CONTROL
campo de control ES-MaACL
005 - FECHA Y HORA DE LA ÚLTIMA TRANSACCIÓN
campo de control 20250822032136.0
007 - CAMPO FIJO DE DESCRIPCIÓN FÍSICA--INFORMACIÓN GENERAL
campo de control de longitud fija t|
008 - DATOS DE LONGITUD FIJA--INFORMACIÓN GENERAL
campo de control de longitud fija 041213s1960 sp |||| | spa d
080 ## - NÚMERO DE LA CLASIFICACIÓN DECIMAL UNIVERSAL
Número de la Clasificación Decimal Universal 159.922.6
100 1# - ENTRADA PRINCIPAL--NOMBRE DE PERSONA
Nombre de persona Katz, David.
9 (RLIN) 67631
245 10 - MENCIÓN DEL TÍTULO
Título Psicología de las edades
Resto del título : (del nacer al morir) /
Mención de responsabilidad, etc. David Katz ; prólogo de A. Linares Maza ; traducción de Agustín Serrate.
260 ## - PUBLICACIÓN, DISTRIBUCIÓN, ETC.
Lugar de publicación, distribución, etc. Madrid :
Nombre del editor, distribuidor, etc. Morata,
Fecha de publicación, distribución, etc. [1960]
300 ## - DESCRIPCIÓN FÍSICA
Extensión 142 p. ;
Dimensiones 21 cm.
650 07 - PUNTO DE ACCESO ADICIONAL DE MATERIA--TÉRMINO DE MATERIA
Término de materia o nombre geográfico como elemento de entrada Psicología evolutiva
Fuente del encabezamiento o término embne
9 (RLIN) 16563
700 1# - ENTRADA AGREGADA--NOMBRE PERSONAL
Nombre de persona Linares Maza, A.
9 (RLIN) 72350
700 1# - ENTRADA AGREGADA--NOMBRE PERSONAL
Nombre de persona Serrate Torrente, Agustín.
9 (RLIN) 105823
852 ## - LOCALIZACIÓN
Ubicación ES-MaACL
Número de control de estantería C-19661
Holdings
Estatus retirado Estado de pérdida Estado de daño No para préstamo Biblioteca de origen Biblioteca actual Ubicación en estantería Fecha de adquisición Fuente de adquisición Total de préstamos Signatura topográfica completa Código de barras Visto por última vez Precio de reemplazo Tipo de ítem Koha
        Biblioteca del Ateneo de Madrid Biblioteca del Ateneo de Madrid Galería 17/01/2008     C-19661 1090379 23/02/2023 23/02/2023 Libro impreso